000 00745nam a22002657a 4500
001 BR8007641
003 BR-BrBNA
005 20230928090857.0
007 ta
008 230509b bl.||||| |||| 00| 0 por d
040 _aBR-BrBNA
_bpor
_cBiblioteca Nacional de Agricultura
041 _a(Por)
072 _aE40
_b/G514
090 _ E40 BR8007641
110 1 _aInstituto Nacional de Colonizacao e Reforma Agraria, Recife, PE (Brasil)
_96443
245 1 _aCaderno de cooperativismo [Brasil]
260 3 _aRecife, PE (Brasil):
_c1980.
300 _a38 p.
500 _a16 tables; 6 ref.
650 _aCOOPERATIVA
650 _aASSOCIACAO COMERCIAL
650 _aREGIAO NORDESTE
909 _a202309
_bLucia
_c55
_dLucia Elande
942 _cBK
999 _c31049
_d31049